Truyện kể địa danh Việt Nam T.3 Địa danh xã hội

সংরক্ষণ করুন:
গ্রন্থ-পঞ্জীর বিবরন
প্রধান লেখক: Vũ, Quang Dũng
বিন্যাস: গ্রন্থ
ভাষা:Vietnamese
প্রকাশিত: Hà Nội. Văn hóa thông tin 2013
বিষয়গুলি:
ট্যাগগুলো: ট্যাগ যুক্ত করুন
কোনো ট্যাগ নেই, প্রথমজন হিসাবে ট্যাগ করুন!
Thư viện lưu trữ: Trung tâm Học liệu Lê Vũ Hùng, Trường Đại học Đồng Tháp
LEADER 00897aam a22003018a 4500
001 00031897
005 20171026081025.0
008 140320s2013 ||||||viesd
020 # # |a 9786045004081 
041 0 # |a vie 
082 |b TR527K  |a 915.97 
100 1 # |a Vũ, Quang Dũng 
245 1 0 |a Truyện kể địa danh Việt Nam  |c Vũ Quang Dũng  |n T.3  |p Địa danh xã hội 
260 # # |a Hà Nội.  |b Văn hóa thông tin  |c 2013 
300 # # |a 711 tr.  |c 21 cm. 
500 # # |a ĐTTS ghi: Hội Văn nghệ dân gian Việt Nam 
653 # # |a Truyện kể 
653 # # |a Địa danh 
653 # # |a Xã hội 
653 # # |a Việt Nam 
852 # # |j KD.0015549 
852 # # |b Kho đọc  |j KD.0015549 
910 # # |d 25/3/2014 
980 # # |a Trung tâm Học liệu Lê Vũ Hùng, Trường Đại học Đồng Tháp